Freshwater Biomonitoring and benthic macroinvertebrates (Record no. 10042)

MARC details
000 -LEADER
fixed length control field 00406nam a22001457a 4500
008 - FIXED-LENGTH DATA ELEMENTS--GENERAL INFORMATION
fixed length control field 240926b |||||||| |||| 00| 0 eng d
020 ## - INTERNATIONAL STANDARD BOOK NUMBER
International Standard Book Number 0412022516
082 ## - DEWEY DECIMAL CLASSIFICATION NUMBER
Classification number 328.16
100 ## - MAIN ENTRY--PERSONAL NAME
Personal name Rosenberg M. David
245 ## - TITLE STATEMENT
Title Freshwater Biomonitoring and benthic macroinvertebrates
260 ## - PUBLICATION, DISTRIBUTION, ETC.
Place of publication, distribution, etc. New York;
Name of publisher, distributor, etc. Chapman & Hall,
Date of publication, distribution, etc. 1993.
300 ## - PHYSICAL DESCRIPTION
Extent vi, p. 487;
Dimensions 23.5 Cm.
700 ## - ADDED ENTRY--PERSONAL NAME
Personal name Resh H. Vincent
942 ## - Added entry Elements (Koha)
Source of classification or shelving scheme Dewey Decimal Classification
Holdings
Withdrawn status Lost status Source of classification or shelving scheme Damaged status Not for loan Collection code Home library Current library Shelving location Date acquired Serial Enumeration / chronology Full call number Barcode Date last seen Price effective from Koha item type Public note
    Dewey Decimal Classification     Main TEST RTC Library RTC Library Main opac 26/09/2024 18933 628.16 ROS 30020021 26/09/2024 26/09/2024 Main Donated by Madam Kinley (Bsc. Envt, PL)
Royal Thimphu College || All Right Reserved